00551nam a2200169Ia 4500008004100000020001800041041000800059082001600067100003600083245002800119250000600147260004500153300001300198650002600211999001900237952012500256210716s2014 xx 000 0 und d a9780198703105 aeng a658.46 OMAJ aOMahoney, Joe;Markham, Calvert. aManagement consultancy. a2 aNew DelhibOxford University Pressc2014 axiii,391 aExecutive Mgmt(658.4) c209019d209019 001040708MBAaAIMITbAIMITd2015-03-11g525.00l0o658.46 OMAJpMBA11585r2026-05-23 00:00:00v393.75w2021-07-16yBK